| 000 | 00405 a2200169 4500 | ||
|---|---|---|---|
| 003 | OSt | ||
| 005 | 20180116182728.0 | ||
| 008 | 160426b xxu||||| |||| 00| 0 eng d | ||
| 020 | _a8170369541 | ||
| 040 | _c0 | ||
| 100 | _aRobert A. Paton | ||
| 245 | _aChange mangement a guide to effective implmentation | ||
| 250 | _a2nd | ||
| 260 | _c2000. | ||
| 300 | _a280 | ||
| 942 |
_aNBS _cBK _k658.4063 PAT _2ddc |
||
| 999 |
_c344938 _d344938 |
||